000 00312nam a22001457a 4500
008 210427b ||||| |||| 00| 0 eng d
020 _a9780673424914
041 _aeng
080 _a591
082 _a591
100 _a7
101 _aZOO
245 _aDiscover Science
_cMichael R. Cohen
942 _2udc
_cBK
999 _c56856
_d56856